Ч. 2 : Неметаллы; Требования к содержанию и результатам геологоразведочных работ по этапам и стадиям. Твердые полезные ископаемые

Bibliographic Details
Parent link:Требования к содержанию и результатам геологоразведочных работ по этапам и стадиям. Твердые полезные ископаемые: Методические указания по проведению отдельных этапов геологоразведочных работ/ Всесоюзный научно-исследовательский институт минерального сырья. Ч. 2 : Неметаллы.— , 1967
Language:Russian
Published: 1967
Subjects:
Format: Book
KOHA link:https://koha.lib.tpu.ru/cgi-bin/koha/opac-detail.pl?biblionumber=77216

MARC

LEADER 00000n m2a2200000 4500
001 77216
005 20231031092453.0
035 |a (RuTPU)RU\TPU\book\82797 
090 |a 77216 
100 |a 20050516d1967 k y0rusy50 ca 
101 0 |a rus 
102 |a RU 
105 |a a z 001zy 
200 0 |a Ч. 2 : Неметаллы 
210 |d 1967 
215 |a 292 с.  |c ил. 
320 |a Библиогр.: с. 284-286. 
461 1 |0 (RuTPU)RU\TPU\book\85677  |t Требования к содержанию и результатам геологоразведочных работ по этапам и стадиям. Твердые полезные ископаемые  |o Методические указания по проведению отдельных этапов геологоразведочных работ  |f Всесоюзный научно-исследовательский институт минерального сырья   |v Ч. 2 : Неметаллы  |d 1967  |s Всесоюзный научно-исследовательский институт минерального сырья 
610 1 |a неметаллы 
610 1 |a геологосъемочные работы 
610 1 |a требования 
610 1 |a содержание 
610 1 |a результаты 
610 1 |a твердые полезные ископаемые 
610 1 |a методические указания 
675 |a 550.8  |v 3 
801 1 |a RU  |b 63413507  |c 20050516  |g PSBO 
801 2 |a RU  |b 63413507  |c 20160406  |g PSBO 
942 |c BK